00622nac a22001811u 4500020001500000082001300015090001500028100003400043245007600077260004600153300002500199500002600224511002600250650003300276942001500309999001500324952010100339 a8121905001 a624bVAZ c9609d9609 a20080729  aconcise handbook of civil engineering/cV. N. Vazirani & S. P. Chandola aNew Delhi:bS. Chand & Company,2004c2004 a1 v.:bill.;c24 cm. adistributer: Al-Ahram acatalogued by: wessam aCivil engineeringvHandbooks cBBk624VAZ c9609d9609 00104070aMAINbMAINc1STd2008-05-25ePurchasel0o624VAZp000011612r2025-07-15 00:00:00yBB